[Event "OMA-ch 11th"]
[Site "Muscat"]
[Date "2024.01.24"]
[Round "1"]
[White "Al Kathiri, Mana"]
[Black "Al Sabagh, Mohamed"]
[Result "1-0"]
[WhiteElo "1711"]
[BlackElo "1066"]
[PlyCount "69"]
[EventDate "2024.01.24"]
[EventType "swiss"]
[EventRounds "9"]
[EventCountry "OMN"]
[SourceTitle "CBM 218 Extra"]
[Source "ChessBase"]
[SourceDate "2024.03.31"]
[SourceVersion "1"]
[SourceVersionDate "2024.03.31"]
[SourceQuality "1"]

1. d4 d5 2. Nf3 Nd7 3. Bf4 f6 4. e3 e6 5. Bd3 g6 6. 0-0 Nb6 7. Re1 Kf7 8. h4 Bd6 9. Nbd2 Bxf4 10. exf4 Nh6 11. Nb3 Nc4 12. Rb1 b6 13. Qe2 Qd6 14. g3 Bb7 15. Nbd2 Nxd2 16. Nxd2 Rae8 17. Nf1 Nf5 18. c3 Rhg8 19. Ne3 Ng7 20. Ng4 Nf5 21. Qf1 h5 22. Bxf5 hxg4 23. Bxg4 Bc8 24. Qd3 Rg7 25. Kg2 c5 26. Re3 c4 27. Qe2 Kf8 28. Re1 f5 29. Bf3 a5 30. Re5 Rge7 31. h5 Kg7 32. hxg6 Bb7 33. Qe3 Kxg6 34. g4 Kf6 35. g5+ 1-0